000 00583nam a2200193Ia 4500
005 20250508164836.0
008 008 250505s9999 xx 000 0 eng d
037 _aDissertations
040 _aFEDL
_beng
_cFEDL
041 _aeng
_2eng
084 _a371.1, BUT/DI
_qFEDL
100 _aButtan Neha
_9779277
245 0 _aPolicy provisions and working conditions of teachers in primary schools in Delhi NCR
260 _c2009
300 _a144p.
546 _aM.Ed. Dissertation, (Delhi University)
942 _cDIS
_h371.1, BUT/DI
999 _c1391530
_d1391530